000 00797nam a2200205Ia 4500
001 5815
003 GE_BSU
008 181216s||||||||xx |||||||||||||| ||und||
040 _cGE_BSU
080 _a663.255(075.8)+663.241
100 _aმესარქიშვილი,ს.
245 _aღვინისა და კონიაკის ქარხნების მანქანა-აპარატები.
245 _bსახელმძღვ.
260 _aთბ.
260 _bგანათლება.
260 _c1973.
300 _a348გვ;27სმ;ილ;ბიბლიოგრ.:გვ.343.
653 _aღვინისა და კონიაკის ქარხნების მანქანა-აპარატები.
942 _cBK
999 _c39229
_d39229